Countries At Risk of Demographic Collapse - Statistics

General Stats
  • This quiz has been taken 296 times
  • The average score is 61 of 106
Answer Stats
Continent Fertility Rate Country % Correct
Europe 1.21 Italy
80%
Europe 1.23 Spain
80%
Asia 1.02 China
77%
Europe 1.54 United Kingdom
77%
Europe 1.64 France
76%
Europe 1.71 Romania
76%
Asia / Europe 1.46 Russia
76%
Europe 1.46 Germany
75%
Europe 1.52 Portugal
75%
Asia 1.23 Japan
73%
Europe 1.4 Luxembourg
73%
Asia 0.75 South Korea
73%
Europe 1.44 Sweden
73%
Asia / Europe 1.62 Türkiye
73%
Europe 1.34 Greece
72%
Europe 1.31 Poland
72%
Europe 1.3 Finland
71%
Europe 1.09 Andorra
70%
Europe 1.5 Hungary
70%
Europe 1.22 Lithuania
70%
Europe 2.09 Monaco
70%
Europe 1.42 Norway
70%
Oceania 1.64 Australia
69%
Europe 1.16 San Marino
69%
Europe 1.57 Slovakia
69%
North America 1.62 United States
69%
Europe 1 Vatican City
69%
Europe 1.52 Denmark
67%
Europe 1.6 Ireland
67%
Asia 1.77 North Korea
67%
Europe 1.5 Serbia
67%
North America 1.33 Canada
66%
Europe 1.37 Estonia
66%
Europe 1.35 Latvia
66%
North America 1.87 Mexico
66%
Europe 1.72 Moldova
66%
Europe 1.58 Slovenia
66%
Europe 1.39 Belgium
65%
South America 1.6 Brazil
65%
Europe 1.74 Bulgaria
65%
Europe 1.44 Netherlands
65%
Europe 1.33 Austria
64%
South America 1.13 Chile
64%
Europe 1.47 Croatia
64%
Europe 1.11 Malta
64%
Europe 1 Ukraine
64%
Europe 1.33 Albania
63%
Europe 1.5 Bosnia and Herzegovina
63%
Europe 1.47 Czechia
63%
Europe 1.54 Liechtenstein
63%
South America 1.94 Peru
63%
Asia 1.88 Vietnam
63%
South America 1.5 Argentina
60%
Oceania 1.65 New Zealand
60%
Asia 0.96 Singapore
60%
Asia 1.19 Thailand
60%
Europe 1.22 Belarus
59%
Europe 1.5 Iceland
59%
Europe 1.53 Kosovo
59%
Europe 1.8 Montenegro
59%
Asia 0.86 Taiwan
59%
South America 1.62 Colombia
58%
North America 1.45 Cuba
58%
Asia 1.67 Iran
58%
Europe 1.44 Switzerland
58%
Asia 1.37 Cyprus
57%
Asia / Europe 1.71 Armenia
55%
Asia 2.1 Indonesia
55%
Europe 1.47 North Macedonia
55%
Africa 2.08 Seychelles
55%
Africa 1.8 Tunisia
55%
Asia / Europe 1.79 Georgia
54%
Asia 1.94 India
54%
Asia 1.88 Philippines
54%
South America 1.39 Uruguay
52%
Asia / Europe 1.66 Azerbaijan
51%
Asia 1.94 Nepal
51%
South America 2.06 Venezuela
51%
Asia 1.53 Malaysia
49%
Africa 1.21 Mauritius
49%
North America 1.36 Bahamas
48%
South America 1.79 Ecuador
48%
North America 1.51 Saint Kitts and Nevis
48%
North America 1.34 Jamaica
47%
North America 1.7 Barbados
45%
Asia 1.78 Bahrain
43%
North America 1.47 Dominica
42%
Asia 1.21 United Arab Emirates
42%
Asia 1.7 Qatar
41%
North America 1.58 Antigua and Barbuda
40%
Asia 2.08 Myanmar
39%
North America 1.38 Saint Lucia
37%
North America 1.75 El Salvador
36%
Asia 1.5 Kuwait
36%
North America 1.75 Saint Vincent and the Grenadines
36%
Asia 1.44 Bhutan
35%
North America 2.09 Panama
35%
Africa 1.5 Cabo Verde
34%
North America 1.31 Costa Rica
34%
Asia 1.55 Maldives
34%
Oceania 1.86 Palau
34%
North America 1.52 Trinidad and Tobago
34%
Asia 1.71 Brunei
30%
North America 1.46 Grenada
29%
North America 2.01 Belize
28%
Asia 1.94 Sri Lanka
28%
No matching quizzes found
Score Distribution
Percent of People with Each Score
Percentile by Number Answered
Your Score History
You have not taken this quiz